000 00447nam a2200181Ia 4500
001 18862
005 20260306171702.0
008 260306s9999||||xx |||||||||||||| ||und||
041 _aESP
082 _a658.503
_bC523
100 _aChapman, Stephen N.
_eAUT
245 0 _aPlanificación y control de la producción
260 _c2006
300 _axiv, 271 páginas :
_c24 cm.
650 _aGEN
654 _aCAN
942 _cLIB
_dJUS
_fJUS
_2ddc
_n
999 _c18862
_d18862